Phineas and Ferb - Guess the Lyrics 57 Quiz Stats

 Plays Quiz not verified by Sporcle

Challenge
Share
Tweet
Embed
Score 0/143 Timer 15:00
0 Plays Today
% Correct
The
79.1%
the
79.1%
the
79.1%
the
79.1%
the
79.1%
the
79.1%
the
79.1%
the
79.1%
the
79.1%
the
79.1%
the
79.1%
an
69.8%
and
65.1%
and
65.1%
it
62.8%
we
58.1%
We
58.1%
you
58.1%
It's
53.5%
It's
53.5%
It's
53.5%
It's
53.5%
It's
53.5%
It's
53.5%
It's
53.5%
It's
53.5%
It's
53.5%
is
48.8%
is
48.8%
to
48.8%
all
37.2%
there!
37.2%
all
37.2%
all
37.2%
all
37.2%
what
34.9%
no
34.9%
was
30.2%
Day!
30.2%
Day!
30.2%
Day!
30.2%
Day!
30.2%
Day!
30.2%
Day!
30.2%
Day!
30.2%
Day!
30.2%
Day!
30.2%
one
27.9%
% Correct
Let's
25.6%
Tri-
25.6%
State
25.6%
Unification
25.6%
Tri-
25.6%
State
25.6%
State
25.6%
over
25.6%
now
25.6%
This
25.6%
State
25.6%
Unification
25.6%
State
25.6%
Unification
25.6%
State
25.6%
Unification
25.6%
State
25.6%
Unification
25.6%
State
25.6%
Unification
25.6%
State
25.6%
Unification
25.6%
State
25.6%
Unification
25.6%
State
25.6%
Unification
25.6%
State
25.6%
Unification
25.6%
Tri-
25.6%
Tri-
25.6%
Tri-
25.6%
Tri-
25.6%
Tri-
25.6%
Tri-
25.6%
Tri-
25.6%
Tri-
25.6%
Tri-
25.6%
show
23.3%
about!
23.3%
With
23.3%
They
23.3%
about
23.3%
only
23.3%
about
23.3%
up
23.3%
OK,
20.9%
everyone!
20.9%
Area
20.9%
% Correct
Area
20.9%
area
20.9%
right
20.9%
our
20.9%
area
20.9%
Area
20.9%
Area
20.9%
Area
20.9%
Area
20.9%
Area
20.9%
Area
20.9%
Area
20.9%
Area
20.9%
Area
20.9%
Love
18.6%
Bi-
18.6%
there's
18.6%
There's
18.6%
thing
18.6%
want
18.6%
everybody
16.3%
adjacent
16.3%
Ferb,
16.3%
Ahh,
16.3%
too
16.3%
Händel...
14%
together,
14%
parade
14%
stand
14%
scream
14%
shout!
14%
That's-a
14%
put
11.6%
use
11.6%
care
11.6%
bad!
9.3%
Cue
7%
denyin'
7%
unifyin'!
7%
water
4.7%
hazard
4.7%
ahead!
4.7%
Commence
4.7%
Operation
4.7%
Unforseen
4.7%
Circumstance...
4.7%
nuggets!
4.7%

You're not logged in!

Compare scores with friends on all Sporcle quizzes.
OR
Log In

You Might Also Like...

Show Comments

Extras

Top Quizzes Today


Score Distribution

Your Account Isn't Verified!

In order to create a playlist on Sporcle, you need to verify the email address you used during registration. Go to your Sporcle Settings to finish the process.

Report this User

Report this user for behavior that violates our Community Guidelines.

Details: